[Event "OLNO 2223 SK König Tegel II - TSG Ober"]
[Site "?"]
[Date "2022.10.23"]
[Round "1.4"]
[White "Eilenberg, Jonas"]
[Black "Raitza, Olaf"]
[Result "0-1"]
[WhiteElo "2260"]
[BlackElo "2257"]
[PlyCount "114"]
[EventDate "2022.??.??"]

1. d4 Nf6 2. c4 e6 3. Nc3 Bb4 4. Qc2 d5 5. cxd5 exd5 6. Bg5 h6 7. Bh4 O-O 8. e3 c6 9. Bd3 Nbd7 10. Nf3 Qa5 11. O-O Re8 12. Rac1 Bxc3 13. bxc3 Ne4 14. Nd2 Nxd2 15. Qxd2 Nf8 16. Qc2 b6 17. Qe2 Qa3 18. Rc2 a5 19. c4 Ba6 20. Rb1 Ne6 21. Qf1 c5 22. dxc5 Nxc5 23. Be2 Qa4 24. Rcc1 Re4 25. Bg3 Bxc4 26. Rxb6 Qxa2 27. Bxc4 Rxc4 28. Ra1 Qc2 29. Rd1 a4 30. Rxd5 a3 31. Rd1 a2 32. Be5 Nd3 33. Ba1 Nxf2 34. Rd7 Qc1 35. Rbb7 Qxf1+ 36. Kxf1 Rc1+ 37. Kxf2 Rxa1 38. Ra7 Rxa7 39. Rxa7 h5 40. Ra5 f6 41. h3 Kf7 42. Ra7+ Kg6 43. Ra5 h4 44. Ra7 Kf5 45. Ra5+ Ke4 46. Ra4+ Kd3 47. Ra3+ Kc4 48. Ra8 g5 49. Rc8+ Kd5 50. Rd8+ Ke6 51. Re8+ Kd7 52. Ra8 f5 53. Ra7+ Kc6 54. Ra6+ Kb7 55. Ra4 g4 56. hxg4 fxg4 57. Ra3 g3+ 0-1

[Event "OLNO 2223 SK König Tegel II - TSG Ober"]
[Site "?"]
[Date "2022.10.23"]
[Round "1.5"]
[White "Hommel, Niclas"]
[Black "Giemsa, Stephan"]
[Result "1/2-1/2"]
[WhiteElo "1994"]
[BlackElo "2263"]
[PlyCount "92"]
[EventDate "2022.??.??"]

1. e4 e6 2. d4 d5 3. Nd2 c5 4. exd5 Qxd5 5. Ngf3 cxd4 6. Bc4 Qd6 7. O-O Nf6 8. Nb3 Nc6 9. Nbxd4 Nxd4 10. Nxd4 Be7 11. b3 O-O 12. Bb2 Qf4 13. g3 Qc7 14. Re1 a6 15. Bf1 b5 16. c4 bxc4 17. Rc1 Rd8 18. Rxc4 Qb6 19. Qc2 Bb7 20. Nc6 Bxc6 21. Rxc6 Qa5 22. Bc3 Qa3 23. Bc4 Nd5 24. Bxd5 Rxd5 25. Qe2 Kf8 26. Qe4 g6 27. Qf4 Rf5 28. Qd4 Bf6 29. Bb4+ Kg8 30. Qd2 Qb2 31. Qxb2 Bxb2 32. Rd1 a5 33. Bc5 h5 34. Kf1 Bc3 35. a3 Rb8 36. b4 axb4 37. axb4 Rb5 38. Rb1 Rd5 39. Rb6 Rxb6 40. Bxb6 Rb5 41. Bc5 Bg7 42. Ke2 Bf8 43. Rc1 Bxc5 44. bxc5 Kf8 45. Kd3 Ke7 46. Rc2 Kd7 1/2-1/2

[Event "OLNO 2223 SK König Tegel II - TSG Ober"]
[Site "?"]
[Date "2022.10.23"]
[Round "1.6"]
[White "Anibar, Ahmed"]
[Black "Jauk, Wilhelm"]
[Result "1/2-1/2"]
[WhiteElo "2278"]
[BlackElo "2135"]
[PlyCount "50"]
[EventDate "2022.??.??"]

1. e4 d5 2. exd5 Qxd5 3. Nc3 Qa5 4. Bc4 Bf5 5. d3 c6 6. Bd2 e6 7. Qe2 Nd7 8. g4 Bg6 9. f4 O-O-O 10. O-O-O Qc7 11. Rf1 Ngf6 12. Qg2 b5 13. Bb3 a5 14. f5 exf5 15. gxf5 Bh5 16. a4 Nc5 17. axb5 Nxb3+ 18. cxb3 Rxd3 19. Nh3 Bb4 20. Nf4 Rdd8 21. Nxh5 Nxh5 22. bxc6 Rhe8 23. Kb1 Qd6 24. c7 Qxc7 25. Rc1 Kb8 1/2-1/2

[Event "OLNO 2223 SK König Tegel II - TSG Ober"]
[Site "?"]
[Date "2022.10.23"]
[Round "1.7"]
[White "Boewer, Roland"]
[Black "Wierzbicki, Jirawat"]
[Result "1/2-1/2"]
[WhiteElo "2159"]
[BlackElo "2157"]
[PlyCount "91"]
[EventDate "2022.??.??"]

1. e4 e5 2. Bc4 Nf6 3. d3 Nc6 4. Nf3 Be7 5. O-O O-O 6. Re1 d6 7. c3 Na5 8. Bb5 a6 9. Ba4 b5 10. Bc2 c5 11. Nbd2 Nc6 12. Nf1 Re8 13. d4 exd4 14. cxd4 Bg4 15. dxc5 dxc5 16. Be3 Qc7 17. h3 Rad8 18. Qe2 Be6 19. N1d2 Nd7 20. Ng5 Bxg5 21. Bxg5 Nd4 22. Qd1 f6 23. Be3 Ne5 24. Bxd4 Rxd4 25. Qe2 Red8 26. Nf1 Qf7 27. b3 Nc6 28. Rac1 c4 29. Bb1 Nb4 30. Red1 Qd7 31. Rxd4 Qxd4 32. bxc4 bxc4 33. a3 Nd3 34. Bxd3 cxd3 35. Qe3 Qxe3 36. fxe3 Rc8 37. Rxc8+ Bxc8 38. Kf2 Bb7 39. Ng3 Kf7 40. Ke1 Bc6 41. Kd2 Ke6 42. Nf5 Bxe4 43. Nxg7+ Kf7 44. Nh5 Bxg2 45. Nf4 Bf1 46. h4 1/2-1/2

[Event "OLNO 2223 SK König Tegel II - TSG Ober"]
[Site "?"]
[Date "2022.10.23"]
[Round "1.8"]
[White "Niehaus, Frank"]
[Black "Stark, Ingo"]
[Result "1/2-1/2"]
[WhiteElo "2093"]
[BlackElo "2106"]
[PlyCount "81"]
[EventDate "2022.??.??"]

1. d4 b5 2. e4 a6 3. Nf3 Bb7 4. Bd3 Nf6 5. Qe2 e6 6. O-O c5 7. c3 d6 8. Re1 Nbd7 9. Nbd2 Be7 10. Nf1 O-O 11. Ng3 Re8 12. Bd2 Qc7 13. Rad1 Rac8 14. Bc1 Bf8 15. h4 c4 16. Bc2 a5 17. Ng5 e5 18. d5 h6 19. Nh3 Rb8 20. Nf5 Kh7 21. g4 g6 22. Ng3 Bg7 23. g5 Ng8 24. Kh2 Nf8 25. gxh6 Nxh6 26. Rg1 Bc8 27. f3 Kg8 28. Qg2 Qe7 29. Bg5 f6 30. Bxh6 Bxh6 31. Nf5 Qh7 32. Nxd6 Rd8 33. Nf5 Bf4+ 34. Nxf4 exf4 35. Kh1 Kf7 36. Nd4 Qxh4+ 37. Qh2 Qxh2+ 38. Kxh2 Bd7 39. Rge1 Re8 40. Kg2 g5 41. Rh1 1/2-1/2

[Event "OLNO 2223 USC Viadrina Frankfurt/O - SV"]
[Site "?"]
[Date "2022.10.23"]
[Round "1.1"]
[White "Volke, Karsten"]
[Black "Galazewski, Tomasz"]
[Result "1-0"]
[WhiteElo "2443"]
[BlackElo "2292"]
[PlyCount "97"]
[EventDate "2022.??.??"]

1. e4 d6 2. d4 e5 3. Nf3 Nd7 4. Nc3 c6 5. a4 Be7 6. Bc4 Ngf6 7. O-O O-O 8. Re1 Qc7 9. b3 Nb6 10. Be2 Bg4 11. Bb2 Rfe8 12. Qd3 Bf8 13. Nd2 Be6 14. a5 Nbd7 15. a6 b5 16. Bf3 exd4 17. Qxd4 Ne5 18. Ne2 Nfg4 19. Bxg4 Nxg4 20. h3 c5 21. Qd3 Ne5 22. Qg3 f5 23. Nf4 fxe4 24. Nxe4 Kh8 25. Nxe6 Rxe6 26. Ng5 Rg6 27. Bxe5 dxe5 28. Qh4 Rh6 29. Qe4 Re8 30. c4 b4 31. Rad1 Rg6 32. h4 Qc6 33. Rd5 Kg8 34. Nxh7 Be7 35. Ng5 Bxg5 36. hxg5 Rxg5 37. Qe3 Qg6 38. g3 Rf5 39. Qxc5 Rff8 40. Rd6 Qg4 41. Qd5+ Rf7 42. Re4 Qg5 43. Rd8 Kh7 44. Rh4+ Kg6 45. Rd6+ Rf6 46. Rxf6+ Qxf6 47. Qd3+ Kf7 48. Qd7+ Kg6 49. Rg4+ 1-0

[Event "OLNO 2223 USC Viadrina Frankfurt/O - SV"]
[Site "?"]
[Date "2022.10.23"]
[Round "1.2"]
[White "Lippert, Daniel"]
[Black "Sulayev, Daniel"]
[Result "1/2-1/2"]
[WhiteElo "2000"]
[BlackElo "2252"]
[PlyCount "138"]
[EventDate "2022.??.??"]

1. e4 c5 2. Nf3 d6 3. Bb5+ Nd7 4. c3 Ngf6 5. Qe2 a6 6. Ba4 e6 7. O-O b5 8. Bc2 Bb7 9. d4 Be7 10. a4 O-O 11. e5 Bxf3 12. gxf3 dxe5 13. dxe5 Nd5 14. Qe4 g6 15. Bh6 Re8 16. f4 c4 17. Nd2 Nc5 18. Qf3 Qc7 19. Ne4 b4 20. cxb4 Nxb4 21. Rac1 Rab8 22. Nf6+ Bxf6 23. exf6 Red8 24. f5 Ncd3 25. fxg6 fxg6 26. Bxd3 Rxd3 27. Rxc4 Rxf3 28. Rxc7 Rxf6 29. Rfc1 g5 30. Rg7+ Kh8 31. Rb7 Rg8 32. Rxb4 Rxh6 33. Rb6 Rh4 34. Rxa6 Rb8 35. Ra7 Rg4+ 36. Kf1 Rh4 37. Kg2 Rg4+ 38. Kh1 Rgb4 39. Rcc7 Rxb2 40. Rxh7+ Kg8 41. Rag7+ Kf8 42. Rxg5 R8b4 43. Rc5 Kg8 44. Ra7 Rxf2 45. Rc8+ Rf8 46. Rxf8+ Kxf8 47. Kg2 Rb3 48. h4 Ra3 49. h5 Kg8 50. h6 Kh8 51. Kf2 Rh3 52. h7 Ra3 53. Ke2 e5 54. Kd2 e4 55. Kc2 Re3 56. Kd2 Ra3 57. a5 e3+ 58. Ke2 Ra2+ 59. Kxe3 Re2+ 60. Kd4 Re4+ 61. Kd5 Re5+ 62. Kd6 Rd5+ 63. Kc7 Rc5+ 64. Kb8 Rb5+ 65. Kc8 Rc5+ 66. Kd8 Rd5+ 67. Ke8 Re5+ 68. Re7 Rxa5 69. Kf7 Kxh7 1/2-1/2

[Event "OLNO 2223 USC Viadrina Frankfurt/O - SV"]
[Site "?"]
[Date "2022.10.23"]
[Round "1.3"]
[White "Foerster, Jonas"]
[Black "Woithe, Daniel"]
[Result "1/2-1/2"]
[WhiteElo "2296"]
[BlackElo "2063"]
[PlyCount "109"]
[EventDate "2022.??.??"]

1. Nf3 d5 2. d4 Nf6 3. c4 c6 4. Nbd2 Bf5 5. g3 h6 6. Bg2 e6 7. O-O Nbd7 8. b3 Bd6 9. Bb2 O-O 10. Re1 Ne4 11. a3 a5 12. Qc1 Bh7 13. Nxe4 Bxe4 14. Qe3 Qe7 15. Bh3 b5 16. Nd2 Bg6 17. c5 Bc7 18. f4 Rae8 19. Qf2 f5 20. Nf3 Bh5 21. Qe3 g5 22. Ne5 Nxe5 23. dxe5 gxf4 24. Qxf4 Qg5 25. Bc1 Qxf4 26. Bxf4 Kg7 27. Kf2 Ra8 28. Ke3 a4 29. b4 Kh7 30. Rad1 Rg8 31. Bg2 Raf8 32. Rd4 Bd8 33. Kf2 Be7 34. e3 Rh8 35. Rg1 Bg5 36. Bf1 Rhg8 37. Bd3 Kg7 38. h3 Rf7 39. Bc2 Rgf8 40. Bd3 Rg8 41. Bc2 Rgf8 42. Kg2 Rg8 43. Rf1 Be2 44. Rf2 Bh5 45. Kh2 Rgf8 46. Rdd2 Be7 47. Rf1 Bg5 48. Rdf2 Be7 49. g4 fxg4 50. hxg4 Bg6 51. Kg3 Bg5 52. Bxg5 hxg5 53. Rxf7+ Rxf7 54. Rxf7+ Kxf7 55. Bxg6+ 1/2-1/2

[Event "OLNO 2223 USC Viadrina Frankfurt/O - SV"]
[Site "?"]
[Date "2022.10.23"]
[Round "1.4"]
[White "Noack, Thomas"]
[Black "Nitsche-Hahn, Raphael"]
[Result "0-1"]
[WhiteElo "1989"]
[BlackElo "2099"]
[PlyCount "102"]
[EventDate "2022.??.??"]

1. e4 c5 2. Nc3 g6 3. f4 Bg7 4. Nf3 d6 5. Bb5+ Bd7 6. Bxd7+ Qxd7 7. O-O Nc6 8. d3 e6 9. Be3 Nge7 10. d4 cxd4 11. Nxd4 O-O 12. Qd2 Rfd8 13. Rad1 d5 14. exd5 Nxd5 15. Nxd5 Nxd4 16. Bxd4 Qxd5 17. Be3 Qxd2 18. Rxd2 Rxd2 19. Bxd2 Bxb2 20. Be3 Rc8 21. Rd1 a6 22. a4 Rxc2 23. Rd8+ Kg7 24. Rd7 b5 25. axb5 axb5 26. Rb7 Rc4 27. Rxb5 Bd4 28. Bxd4+ Rxd4 29. g3 Rd2 30. Rc5 Kf6 31. Rc7 h6 32. h3 g5 33. Rc4 Kf5 34. Rc7 f6 35. Rc4 Re2 36. Rb4 h5 37. Rc4 g4 38. h4 e5 39. fxe5 fxe5 40. Rb4 Rd2 41. Rb8 Ke4 42. Rb4+ Ke3 43. Rb5 e4 44. Rxh5 Kf3 45. Rf5+ Kxg3 46. h5 e3 47. Kf1 Rf2+ 48. Rxf2 exf2 49. h6 Kf3 50. h7 g3 51. h8=Q g2# 0-1

[Event "OLNO 2223 USC Viadrina Frankfurt/O - SV"]
[Site "?"]
[Date "2022.10.23"]
[Round "1.5"]
[White "Jahn, Thomas"]
[Black "Grabowski, Jan"]
[Result "1/2-1/2"]
[WhiteElo "2164"]
[BlackElo "1915"]
[PlyCount "120"]
[EventDate "2022.??.??"]

1. e4 e6 2. d4 d5 3. Nc3 Nf6 4. Bg5 Be7 5. e5 Nfd7 6. h4 a6 7. Qg4 f5 8. Qh5+ g6 9. Bxe7 Qxe7 10. Qe2 c5 11. Nf3 Nc6 12. dxc5 Nxc5 13. O-O-O b5 14. Qe3 Bb7 15. a3 h6 16. Nd4 Nxd4 17. Qxd4 O-O 18. f4 h5 19. Bd3 Kh7 20. Rh3 Rad8 21. Rg3 Ne4 22. Rh3 Rc8 23. Ne2 Rc7 24. Bxe4 fxe4 25. Qb4 Qxb4 26. axb4 Rfc8 27. Rc3 Rxc3 28. bxc3 Kg7 29. Kd2 Kf7 30. Nd4 Ra8 31. Rg1 Bc8 32. Ra1 Bd7 33. Nb3 Bc8 34. Ke3 Ra7 35. g4 hxg4 36. Rg1 Rc7 37. Kd2 Kg7 38. Nd4 Kh6 39. Rxg4 Re7 40. Ke3 Rc7 41. Ne2 a5 42. bxa5 Ra7 43. Rg5 Rxa5 44. h5 gxh5 45. Rg8 Bd7 46. Rd8 Ra7 47. f5 exf5 48. Nf4 Kg7 49. e6 Bc6 50. Rc8 Ra6 51. Nxh5+ Kg6 52. Nf4+ Kf6 53. Kd4 Ra4+ 54. Ke3 Ra6 55. Rf8+ Ke7 56. Rf7+ Kd6 57. Rxf5 Ra3 58. Kd2 e3+ 59. Kxe3 Rxc3+ 60. Kd2 b4 1/2-1/2

[Event "OLNO 2223 USC Viadrina Frankfurt/O - SV"]
[Site "?"]
[Date "2022.10.23"]
[Round "1.6"]
[White "Mueller, Thorsten"]
[Black "Meissner, Hans-Juergen"]
[Result "1/2-1/2"]
[WhiteElo "1976"]
[BlackElo "2208"]
[PlyCount "94"]
[EventDate "2022.??.??"]

1. d4 Nf6 2. c4 g6 3. g3 Bg7 4. Bg2 O-O 5. Nc3 d6 6. Nf3 Nbd7 7. O-O e5 8. e4 exd4 9. Nxd4 Re8 10. Be3 a6 11. h3 Rb8 12. a4 Ne5 13. b3 c5 14. Nc2 Qc7 15. f4 Nc6 16. Qd2 b6 17. Rad1 Rd8 18. g4 Ne7 19. f5 Ne8 20. Bh6 Be5 21. Ne3 Bb7 22. Ncd5 Nxd5 23. exd5 Qe7 24. fxg6 hxg6 25. Rf3 Ng7 26. Kh1 Rf8 27. Rdf1 Rbe8 28. Nd1 Bc8 29. Nb2 f5 30. Bg5 Qc7 31. Nd3 Bd4 32. Rf4 Be3 33. Qc2 Bxf4 34. Nxf4 fxg4 35. Qxg6 Bf5 36. Qh6 gxh3 37. Bf3 Be4 38. Bxe4 Rxe4 39. Rg1 Qf7 40. Rg4 Qf5 41. Qxh3 Re1+ 42. Kh2 Qb1 43. Qg2 Qd1 44. Rg3 Rxf4 45. Bxf4 Re2 46. Rxg7+ Kh8 47. Rg8+ Kh7 1/2-1/2

[Event "OLNO 2223 USC Viadrina Frankfurt/O - SV"]
[Site "?"]
[Date "2022.10.23"]
[Round "1.7"]
[White "Staerk, Elisa"]
[Black "Ketelhoehn, Bernd"]
[Result "1-0"]
[WhiteElo "1942"]
[BlackElo "1919"]
[PlyCount "27"]
[EventDate "2022.??.??"]

1. d4 d5 2. c4 c6 3. Nf3 e6 4. e3 Nf6 5. Bd3 Nbd7 6. O-O dxc4 7. Bxc4 b5 8. Bd3 a6 9. e4 Be7 10. Nc3 h6 11. Re1 O-O 12. Qe2 c5 13. e5 c4 14. exf6 1-0

[Event "OLNO 2223 SC Weisse Dame - SV Empor Ber"]
[Site "?"]
[Date "2022.11.27"]
[Round "2.1"]
[White "Volke, Karsten"]
[Black "Moeller, Hendrik"]
[Result "1/2-1/2"]
[WhiteElo "2446"]
[BlackElo "2286"]
[PlyCount "49"]
[EventDate "2022.??.??"]

1. e4 c6 2. d4 d5 3. Nd2 dxe4 4. Nxe4 Bf5 5. Ng3 Bg6 6. h4 h6 7. Nf3 Nd7 8. h5 Bh7 9. Bd3 Bxd3 10. Qxd3 e6 11. Bd2 Ngf6 12. O-O-O Be7 13. Ne4 Qb6 14. Nxf6+ Bxf6 15. g4 c5 16. Bc3 cxd4 17. Bxd4 Bxd4 18. Qxd4 Qxd4 19. Nxd4 Nf6 20. f3 a6 21. Rhe1 O-O-O 22. c4 Kc7 23. Kc2 Rd6 24. Nb3 Nd7 25. Rxd6 1/2-1/2

[Event "OLNO 2223 SC Weisse Dame - SV Empor Ber"]
[Site "?"]
[Date "2022.11.27"]
[Round "2.2"]
[White "Waldmann, Hans-Joachim"]
[Black "Thinius, Marco"]
[Result "0-1"]
[WhiteElo "2306"]
[BlackElo "2348"]
[PlyCount "82"]
[EventDate "2022.??.??"]

1. d4 Nf6 2. Nf3 d5 3. c3 Bf5 4. Bg5 Nbd7 5. Nh4 Bxb1 6. Rxb1 Ne4 7. Be3 e6 8. Nf3 Bd6 9. g3 O-O 10. Bg2 c6 11. Nd2 Nxd2 12. Bxd2 c5 13. c4 dxc4 14. Bxb7 Rb8 15. dxc5 Bxc5 16. Bg2 Bd4 17. Qc2 Qf6 18. O-O Rfc8 19. Bc3 Bxc3 20. bxc3 Nb6 21. Rfd1 g6 22. Rd4 Rd8 23. Rf4 Qe7 24. h4 h5 25. Kh2 e5 26. Rf3 e4 27. Rf4 f5 28. Bxe4 fxe4 29. Rxe4 Rd2 30. Rxe7 Rxc2 31. a4 Rf8 32. Kg1 Rf7 33. Re6 Kg7 34. Rb5 Nxa4 35. Rg5 Nxc3 36. Rexg6+ Kf8 37. Rg8+ Ke7 38. Kf1 Rxe2 39. f4 Re6 40. Rc8 Ne4 41. Rxc4 Nd2+ 0-1

[Event "OLNO 2223 SC Weisse Dame - SV Empor Ber"]
[Site "?"]
[Date "2022.11.27"]
[Round "2.3"]
[White "Foerster, Jonas"]
[Black "Kyritz, Michael"]
[Result "1-0"]
[WhiteElo "2290"]
[BlackElo "2237"]
[PlyCount "71"]
[EventDate "2022.??.??"]

1. Nf3 c5 2. e3 Nc6 3. Bb5 g6 4. O-O Bg7 5. d4 cxd4 6. exd4 a6 7. Ba4 d5 8. Re1 Bg4 9. c3 Rc8 10. Bg5 Nf6 11. Nbd2 O-O 12. Bc2 e6 13. h3 Bf5 14. Bxf5 gxf5 15. Nb3 Qc7 16. Bxf6 Bxf6 17. Qd2 Kh8 18. Qh6 Qe7 19. Nc5 Rg8 20. Kh1 Rg6 21. Qe3 Rcg8 22. Rg1 Qc7 23. Nd3 Qe7 24. b4 Na7 25. Rae1 Nc8 26. Nf4 R6g7 27. Nh5 Rg6 28. a4 Re8 29. Ne5 Rgg8 30. g4 Nd6 31. Nxf6 Qxf6 32. Nd7 Qe7 33. Qe5+ Rg7 34. gxf5 Nxf5 35. Nf6 Rd8 36. Qxf5 1-0

[Event "OLNO 2223 SC Weisse Dame - SV Empor Ber"]
[Site "?"]
[Date "2022.11.27"]
[Round "2.4"]
[White "Gelman, Josef"]
[Black "Urban, Julian"]
[Result "1-0"]
[WhiteElo "2056"]
[BlackElo "2244"]
[PlyCount "89"]
[EventDate "2022.??.??"]

1. Nf3 Nc6 2. c4 d6 3. Nc3 g6 4. g3 Bg7 5. Bg2 e5 6. d3 h6 7. O-O Nf6 8. d4 O-O 9. dxe5 dxe5 10. Be3 Be6 11. Qa4 Qe7 12. b4 Nd7 13. Nd5 Bxd5 14. cxd5 Nb6 15. Qb5 Qxb4 16. Qxb4 Nxb4 17. Bc5 N4xd5 18. Bxf8 Kxf8 19. e4 Nc3 20. Rfe1 c6 21. Re3 Nca4 22. Bf1 Ke7 23. Rb1 Rd8 24. Ra3 Kd6 25. Rb4 Nc5 26. Rxa7 Kc7 27. Ra3 Rd1 28. Kg2 Ncd7 29. Rab3 Ra1 30. Rb2 Bf8 31. R4b3 Bc5 32. Rc2 Bd6 33. Nd2 Nc5 34. Rf3 Ne6 35. Rxf7+ Kb8 36. Rb2 Bc7 37. Nb3 Rd1 38. Rd2 Re1 39. Rf6 Nd4 40. Nc5 Rc1 41. Rf8+ Ka7 42. Nb3 Rc3 43. Nxd4 exd4 44. Rxd4 c5 45. Rd3 1-0

[Event "OLNO 2223 SC Weisse Dame - SV Empor Ber"]
[Site "?"]
[Date "2022.11.27"]
[Round "2.5"]
[White "Nitsche-Hahn, Raphael"]
[Black "Uhl, Heinz"]
[Result "1-0"]
[WhiteElo "2106"]
[BlackElo "2147"]
[PlyCount "55"]
[EventDate "2022.??.??"]

1. d4 c5 2. c3 Nf6 3. Nf3 b6 4. g3 Bb7 5. Bg2 g6 6. O-O Bg7 7. Qb3 Bd5 8. c4 Be4 9. Nc3 Nc6 10. dxc5 Bxf3 11. Bxf3 Nd4 12. Qa4 Nxf3+ 13. exf3 bxc5 14. Be3 Qc7 15. Nd5 Nxd5 16. cxd5 O-O 17. Rac1 d6 18. b4 c4 19. Qc6 Qxc6 20. dxc6 c3 21. b5 d5 22. Rfd1 Rfd8 23. Bxa7 e6 24. b6 Rxa7 25. bxa7 Ra8 26. c7 Be5 27. Rxc3 Bxc3 28. Rb1 1-0

[Event "OLNO 2223 SC Weisse Dame - SV Empor Ber"]
[Site "?"]
[Date "2022.11.27"]
[Round "2.6"]
[White "Mahn, Franko"]
[Black "Atkinson, Paul"]
[Result "1/2-1/2"]
[WhiteElo "2148"]
[BlackElo "2042"]
[PlyCount "86"]
[EventDate "2022.??.??"]

1. d4 Nf6 2. Nf3 e6 3. Bf4 b6 4. e3 Be7 5. c4 Nh5 6. Bg3 d6 7. Nc3 O-O 8. Bd3 f5 9. Qc2 Nc6 10. a3 Bf6 11. O-O-O g6 12. d5 Ne7 13. dxe6 Bxe6 14. Bf4 Kg7 15. Bg5 h6 16. Bxf6+ Nxf6 17. h4 a6 18. Nd4 Bd7 19. Nd5 Nc6 20. h5 Nxd4 21. exd4 Nxh5 22. Rxh5 gxh5 23. Nf4 Qg5 24. g3 Kh8 25. Rh1 Be8 26. Kb1 Qf6 27. d5 Bg6 28. Be2 Rae8 29. Nxg6+ Qxg6 30. Bxh5 Qf6 31. Bxe8 Rxe8 32. Rh5 Re5 33. Qc3 Kg7 34. f4 Re4 35. Qxf6+ Kxf6 36. Rxh6+ Kg7 37. Rh5 Kf6 38. Rh6+ Kg7 39. Rh5 Kf6 40. b3 Re3 41. Rh7 Rxb3+ 42. Kc2 Rxa3 43. Rxc7 b5 1/2-1/2

[Event "OLNO 2223 SC Weisse Dame - SV Empor Ber"]
[Site "?"]
[Date "2022.11.27"]
[Round "2.7"]
[White "Jahn, Thomas"]
[Black "Abraham, Ingo"]
[Result "0-1"]
[WhiteElo "2158"]
[BlackElo "2193"]
[PlyCount "124"]
[EventDate "2022.??.??"]

1. e4 c5 2. Nf3 e6 3. d4 cxd4 4. Nxd4 Nc6 5. Nc3 a6 6. Be3 Qc7 7. Be2 Nf6 8. O-O d6 9. a4 Be7 10. Nb3 b6 11. f4 O-O 12. g4 Re8 13. g5 Nd7 14. Bf3 Rb8 15. Bg2 Na5 16. Nxa5 bxa5 17. Rb1 Rb4 18. Rf3 Bb7 19. Rh3 Nf8 20. Bf2 d5 21. exd5 Qxf4 22. Na2 Rxa4 23. Rh4 Qxf2+ 24. Kxf2 Rxh4 25. d6 Rxh2 26. dxe7 Rxg2+ 27. Kf1 Rxe7 28. Qh5 Rxc2 29. Nc3 Rd7 30. Rd1 Rxd1+ 31. Nxd1 Bd5 32. Ke1 Bc4 33. Nc3 Rxb2 34. Qh4 Bd5 35. Qd4 Rb4 36. Qc5 Rg4 37. Nxd5 exd5 38. Qxd5 g6 39. Qd8 Re4+ 40. Kd2 Re5 41. Kc3 Rb5 42. Kc2 a4 43. Qa8 a5 44. Qe8 Rxg5 45. Qxa4 Rf5 46. Kd2 h5 47. Ke2 Ne6 48. Ke1 Kh7 49. Ke2 Kh6 50. Ke1 Kg5 51. Qa3 h4 52. Qe7+ Kg4 53. Qb7 h3 54. Ke2 a4 55. Qa8 Rf4 56. Ke1 Kg3 57. Qh8 h2 58. Qc3+ Kg4 59. Qh8 Kg3 60. Qc3+ Rf3 61. Qe5+ Nf4 62. Qh8 a3 0-1

[Event "OLNO 2223 SC Weisse Dame - SV Empor Ber"]
[Site "?"]
[Date "2022.11.27"]
[Round "2.8"]
[White "Kaiser, Martin"]
[Black "Meissner, Hans-Juergen"]
[Result "1-0"]
[WhiteElo "2137"]
[BlackElo "2202"]
[PlyCount "77"]
[EventDate "2022.??.??"]

1. e4 c5 2. c3 Nf6 3. e5 Nd5 4. d4 cxd4 5. Nf3 e6 6. cxd4 b6 7. Nc3 Nxc3 8. bxc3 Qc7 9. Bd2 Be7 10. Bd3 Bb7 11. O-O d6 12. Rc1 Nd7 13. Bg5 dxe5 14. Bxe7 Kxe7 15. Re1 e4 16. Bxe4 Bxe4 17. Rxe4 Nf6 18. Rh4 Rhd8 19. Ne5 Rd5 20. c4 Ra5 21. Qf3 Rc8 22. Rxh7 Rxe5 23. Qa3+ Rc5 24. Rxg7 Qd6 25. dxc5 Rxc5 26. Rg3 Ra5 27. Qxd6+ Kxd6 28. Rd3+ Ke7 29. Rc2 Ne4 30. Rd4 Nc5 31. g3 Ra3 32. Kf1 e5 33. Rd5 f6 34. h4 e4 35. h5 Kf7 36. Re2 Rc3 37. Rxc5 bxc5 38. Rxe4 Ra3 39. Rg4 1-0

[Event "OLNO 2223 TSG Oberschöneweide - USC Vi"]
[Site "?"]
[Date "2022.11.27"]
[Round "2.1"]
[White "Galazewski, Tomasz"]
[Black "Rosenthal, Dirk"]
[Result "1-0"]
[WhiteElo "2286"]
[BlackElo "2385"]
[PlyCount "107"]
[EventDate "2022.??.??"]

1. c4 Nf6 2. Nc3 g6 3. g3 Bg7 4. Bg2 O-O 5. Nf3 d6 6. O-O Nc6 7. d3 e5 8. Rb1 h6 9. b4 Be6 10. b5 Ne7 11. Ba3 Qd7 12. d4 e4 13. Nd2 e3 14. fxe3 Ng4 15. Rf3 Nf5 16. Nf1 Bxc4 17. Qa4 d5 18. Bxf8 Kxf8 19. h3 Ngxe3 20. Nxe3 Bxd4 21. Ncd1 Qe7 22. Qb4 Bc5 23. Qc3 Bd4 24. Qd2 Re8 25. Rxf5 Bxe3+ 26. Nxe3 gxf5 27. Nxc4 dxc4 28. Qxh6+ Kg8 29. Bf3 Rd8 30. Kf2 b6 31. h4 Qc5+ 32. Qe3 Rd4 33. h5 Kh7 34. h6 f6 35. Rh1 c3 36. Rc1 Rc4 37. Qxc5 Rxc5 38. Bc6 Kxh6 39. Ke3 Rc4 40. Kd3 Ra4 41. Bd5 Ra5 42. Bc4 a6 43. bxa6 b5 44. Bb3 c5 45. Kxc3 Rxa6 46. Kb2 c4 47. Bc2 Re6 48. Rf1 Rxe2 49. Rxf5 b4 50. Rxf6+ Kh5 51. Rf5+ Kh6 52. Rc5 b3 53. axb3 cxb3 54. Kxb3 1-0

[Event "OLNO 2223 TSG Oberschöneweide - USC Vi"]
[Site "?"]
[Date "2022.11.27"]
[Round "2.2"]
[White "Schoewel, Matthias"]
[Black "Lippert, Daniel"]
[Result "1-0"]
[WhiteElo "2218"]
[BlackElo "2006"]
[PlyCount "51"]
[EventDate "2022.??.??"]

1. e4 c5 2. Nf3 Nc6 3. Nc3 Nf6 4. Be2 d5 5. exd5 Nxd5 6. d4 cxd4 7. Nxd4 Nxc3 8. bxc3 e5 9. Nxc6 bxc6 10. O-O Bc5 11. Bf3 Qc7 12. Qe2 Bd7 13. Bf4 f6 14. Qc4 Bb6 15. Rfe1 O-O-O 16. Be3 Kb7 17. Reb1 Rb8 18. a4 Kc8 19. Bc1 e4 20. a5 exf3 21. Bf4 Qb7 22. Bxb8 Kxb8 23. axb6 axb6 24. Qf4+ Kc8 25. Rxb6 g5 26. Qb4 1-0

[Event "OLNO 2223 TSG Oberschöneweide - USC Vi"]
[Site "?"]
[Date "2022.11.27"]
[Round "2.3"]
[White "Woithe, Daniel"]
[Black "Horn, Sven"]
[Result "0-1"]
[WhiteElo "2069"]
[BlackElo "2096"]
[PlyCount "64"]
[EventDate "2022.??.??"]

1. d4 Nf6 2. Nc3 d5 3. Bf4 e6 4. e3 a6 5. g4 c5 6. g5 Nfd7 7. Nf3 Nc6 8. a3 b5 9. Qd2 Be7 10. h4 Qa5 11. dxc5 b4 12. Na2 Bxc5 13. axb4 Bxb4 14. c3 Be7 15. Be2 Qb6 16. b4 Bb7 17. O-O e5 18. Bg3 Rd8 19. Rab1 e4 20. Nd4 Nxd4 21. Qxd4 Qg6 22. Qa7 Bc6 23. b5 axb5 24. Nb4 Bxb4 25. Rxb4 h6 26. Bxb5 Bxb5 27. Rxb5 hxg5 28. Rxd5 gxh4 29. Rd6 Qg4 30. Rfd1 hxg3 31. Rxd7 Rh1+ 32. Kg2 Qf3# 0-1

[Event "OLNO 2223 TSG Oberschöneweide - USC Vi"]
[Site "?"]
[Date "2022.11.27"]
[Round "2.4"]
[White "Raitza, Olaf"]
[Black "Noack, Thomas"]
[Result "0-1"]
[WhiteElo "2267"]
[BlackElo "1982"]
[PlyCount "52"]
[EventDate "2022.??.??"]

1. e4 e5 2. Nf3 Nc6 3. Bb5 Nf6 4. d3 Bc5 5. c3 d6 6. Nbd2 O-O 7. O-O Bb6 8. Nc4 Ne7 9. Nxb6 axb6 10. d4 Ng6 11. Re1 Qe7 12. Bd3 Bg4 13. h3 Bd7 14. c4 h6 15. Be3 Rfd8 16. Qc2 c5 17. dxc5 dxc5 18. b4 Ba4 19. Qb1 Bc6 20. b5 Be8 21. Bc2 Qe6 22. Qb3 Nh5 23. Qc3 f6 24. a4 Bf7 25. Nd2 Nhf4 26. Kh2 Qc8 {Zeit.} 0-1

[Event "OLNO 2223 TSG Oberschöneweide - USC Vi"]
[Site "?"]
[Date "2022.11.27"]
[Round "2.5"]
[White "Grabowski, Jan"]
[Black "Hommel, Niclas"]
[Result "1/2-1/2"]
[WhiteElo "1921"]
[BlackElo "2007"]
[PlyCount "77"]
[EventDate "2022.??.??"]

1. d4 Nf6 2. Bg5 c5 3. Bxf6 gxf6 4. e3 Qb6 5. b3 Bg7 6. Bc4 f5 7. c3 d6 8. Nf3 e6 9. O-O Nd7 10. Nbd2 Nf6 11. Rb1 O-O 12. b4 Qc7 13. bxc5 dxc5 14. Ne5 b6 15. Qe2 Bb7 16. Ba6 Ne4 17. Bxb7 Qxb7 18. Nxe4 Qxe4 19. f3 Qb7 20. Nd3 cxd4 21. cxd4 Rfc8 22. Rbc1 Rxc1 23. Rxc1 Rc8 24. Rxc8+ Qxc8 25. h3 Qc3 26. g4 f4 27. Nxf4 Bxd4 28. Kf2 Bc5 29. Qd3 Qb2+ 30. Kg3 Qe5 31. Qd8+ Bf8 32. Kf2 Qb2+ 33. Kg3 Qe5 34. Kg2 h6 35. Nh5 Qb2+ 36. Kg3 Qe5+ 37. Kg2 Qb2+ 38. Kg3 Qe5+ 39. Kg2 1/2-1/2

[Event "OLNO 2223 TSG Oberschöneweide - USC Vi"]
[Site "?"]
[Date "2022.11.27"]
[Round "2.6"]
[White "Meyer-Dunker, Paul"]
[Black "Mueller, Thorsten"]
[Result "1-0"]
[WhiteElo "2122"]
[BlackElo "1982"]
[PlyCount "101"]
[EventDate "2022.??.??"]

1. e4 c6 2. d4 d5 3. e5 Bf5 4. g4 Bd7 5. Bd3 Qc7 6. c3 c5 7. Be3 Nc6 8. Nd2 Qb6 9. h3 e6 10. Ne2 cxd4 11. cxd4 Nb4 12. Bb1 Bb5 13. Qb3 Rc8 14. a3 Qa6 15. Nc3 Nd3+ 16. Kf1 Bc4 17. Nxc4 dxc4 18. Bxd3 cxd3 19. Ke1 Ne7 20. Qb5+ Qc6 21. Kd2 Nd5 22. Rhc1 Kd7 23. Qxd3 Be7 24. b4 Nb6 25. Ne4 Nc4+ 26. Rxc4 Qxc4 27. Nc5+ Rxc5 28. dxc5+ Qxd3+ 29. Kxd3 Kc7 30. Kc4 Rd8 31. b5 Rd5 32. a4 f6 33. Ra3 g5 34. exf6 Bxf6 35. Rd3 Re5 36. Kb3 Rd5 37. Kc4 Re5 38. Kb3 Rd5 39. Rxd5 exd5 40. f4 gxf4 41. Bxf4+ Kd7 42. Kc2 Bd4 43. Kd3 Bf6 44. g5 Bb2 45. h4 a6 46. h5 axb5 47. axb5 Bg7 48. g6 hxg6 49. hxg6 Ke6 50. c6 b6 51. Be3 1-0